LEADER 01388nam a2200313 i 4500 001 991002801839707536 008 070910s2003 au 000 0 ger d 020 $a3700132484 035 $ab13582835-39ule_inst 040 $aBiblioteca Interfacoltà$bita 082 04$a491.51 100 1 $aSchmitt, Rüdiger$0392036 245 10$aMeno-logium bagistano-persepolitanum :$bStudien zu den altpersischen Monatsnamen und ihrer elamischen Wiedergaben /$cRüdiger Schmitt ; unter redaktioneller Mitarbeit von Velizar Sadovski 260 $aWien :$bVerlag der Österreichischen Akademie der Wissenschaften,$c2003 300 $a66 p. ;$c24 cm 440 0$aSitzungsberichte. Österreichische Akademie der Wissenschaften. Philosophisch-historische Klasse ;$v705 440 $aVeröffentlichungen zur Iranistik ;$v30 500 $aLiteraturverzeichnis: p. 9-14. 650 4$aMesi$vTerminologia persiana 650 4$aMesi$vTerminologia elamica 650 4$aLingua persiana antica$xLessico 650 4$aLingua elamica$xLessico 700 1 $aSadovski, Velizar 907 $a.b13582835$b02-04-14$c10-09-07 912 $a991002801839707536 945 $aLE002 Coll. 2. 226$g1$i2002000899200$lle002$oe$pE0.00$q-$rn$so $t0$u0$v0$w0$x0$y.i15452463$z30-10-12 996 $aMeno-logium bagistano-persepolitanum$91220044 997 $aUNISALENTO 998 $ale002$b10-09-07$cm$da $e-$fger$gau $h0$i0 LEADER 00900nam 2200265z- 450 001 9910689683003321 005 20240906104926.0 035 $a(CKB)5470000002332302 035 $a(EXLCZ)995470000002332302 100 $a20230503cuuuuuuuu -u- - 101 0 $aeng 200 10$aWelfare reform $epast successes, new challenges : hearing before the Committee on Finance, United States Senate, One Hundred Eighth Congress, first session, (Des Moines, IA), February 20, 2003 210 $aWashington 311 $a0-16-070401-4 517 $aWelfare reform 606 $aPublic welfare$zIowa 606 $aPublic welfare$zUnited States 606 $aFederal aid to public welfare$zUnited States 615 0$aPublic welfare 615 0$aPublic welfare 615 0$aFederal aid to public welfare 906 $aBOOK 912 $a9910689683003321 996 $aWelfare reform$93096253 997 $aUNINA